Tous les clubs de football à l'échelon national depuis 2012 - Statistiques

Statistiques générales
  • Ce quiz a été pris 390 fois
    145 depuis la dernière actualisation
  • Le résultat moyen est 57 sur 92
Statistiques - réponses
Département Club Dernière année à l'échelon national % Correct
75 Paris SG -
95%
69 Lyon -
94%
13 Marseille -
94%
06 Nice -
91%
35 Rennes -
91%
33 Bordeaux -
90%
29 Brest -
90%
62 Lens -
90%
59 Lille -
90%
42 Saint-Étienne -
90%
44 Nantes -
87%
67 Strasbourg -
87%
2B Bastia -
86%
31 Toulouse -
86%
49 Angers -
84%
21 Dijon -
84%
76 Le Havre -
84%
34 Montpellier -
84%
14 Caen -
83%
54 Nancy -
83%
80 Amiens -
82%
63 Clermont -
82%
56 Lorient -
82%
57 Metz -
82%
51 Reims -
82%
30 Nîmes -
81%
22 Guingamp -
80%
10 Troyes -
80%
Autre Monaco -
79%
93 Red Star -
79%
38 Grenoble -
77%
75 Paris FC -
77%
64 Pau -
77%
59 Valenciennes -
77%
59 Dunkerque -
76%
25 Sochaux -
75%
76 Rouen -
74%
89 Auxerre -
73%
12 Rodez -
72%
83 Toulon 2020
72%
2A GFC Ajaccio 2020
71%
72 Le Mans -
70%
45 Orléans -
70%
74 Annecy -
68%
74 Évian TG 2016
68%
01 Bourg-en-Bresse 2023
67%
53 Laval -
66%
79 Niort -
66%
13 / 84 Arles Avignon 2015
65%
36 Châteauroux -
65%
37 Tours 2019
65%
2A AC Ajaccio -
64%
08 Sedan 2023
64%
62 Boulogne 2022
63%
29 Concarneau -
62%
76 Quevilly Rouen -
62%
78 Versailles -
59%
13 Martigues -
58%
13 Istres 2015
57%
56 Vannes 2014
56%
94 Créteil 2022
51%
25 Besançon 2012
50%
34 Béziers 2020
48%
49 Cholet -
48%
2B Borgo 2023
47%
68 Colmar 2016
47%
60 Beauvais 2012
46%
22 Saint-Brieuc 2023
46%
88 Épinal -
45%
64 Bayonne 2012
44%
43 Le Puy 2023
44%
50 Avranches -
40%
34 Sète 2022
40%
69 GOAL FC -
39%
85 Les Herbiers 2018
39%
69 Villefranche -
39%
90 Belfort 2017
38%
60 Chambly 2022
35%
83 Fréjus Saint-Raphaël 2016
35%
50 Cherbourg 2013
34%
09 Luzenac 2014
34%
75 Paris 13 Atletico 2023
34%
13 Marignane -
33%
13 Marseille Consolat 2018
30%
44 Carquefou 2014
23%
95 Entente SSG 2019
21%
69 Lyon Duchère 2021
20%
31 Colomiers 2015
18%
93 Drancy 2019
17%
85 Le Poiré-sur-Vie 2015
17%
85 Luçon 2016
17%
30 Uzès 2014
16%
Aucun quiz correspondant
Distribution des résultats
% des personnes avec chaque résultat
Percentile par nombre de réponses
Votre historique - résultats
Vous n’avez pas pris ce quiz depuis la dernière actualisation